书目信息 |
| 题名: |
清末守旧派研究
|
|
| 作者: | 黄庆林 著 | |
| 分册: | ||
| 出版信息: | 北京 人民出版社 2018 |
|
| 页数: | 313页 | |
| 开本: | 24cm | |
| 丛书名: | ||
| 单 册: | ||
| 中图分类: | D691.74 , D691 | |
| 科图分类: | ||
| 主题词: | 政治派别--研究--中国--清后期 | |
| 电子资源: | ||
| ISBN: | 978-7-01-019702-9 | |
| 000 | 00830nam0 2200241 450 | |
| 001 | 2351917069 | |
| 005 | 20231209223925.26 | |
| 010 | @a978-7-01-019702-9@dCNY58.00 | |
| 100 | @a20181114d2018 kemy0chiy50 ea | |
| 101 | 0 | @achi |
| 102 | @aCN@b110000 | |
| 105 | @ay v 000yy | |
| 200 | 1 | @a清末守旧派研究@Aqing mo shou jiu pai yan jiu@f黄庆林著 |
| 210 | @a北京@c人民出版社@d2018 | |
| 215 | @a313页@d24cm | |
| 300 | @a广东省哲学社会科学“十二五”规划项目 | |
| 330 | @a本书内容包括:近代中国守旧思潮述论;清末守旧派的形成与政局;清末守旧派的政治观;清末守旧派的文化观;清末守旧派思想的特征、成因及影响等。 | |
| 606 | 0 | @a政治派别@x研究@y中国@z清后期 |
| 690 | @aD691.74@v5 | |
| 690 | @aD691@v4 | |
| 701 | 0 | @a黄庆林@Ahuang qing lin@c(女)@4著 |
| 801 | 0 | @aCN@b大连网信软件有限公司图书馆·11@c20231017 |
| 905 | @aZUCC@dD691@e155 | |
| 清末守旧派研究/黄庆林著.-北京:人民出版社,2018 |
| 313页;24cm |
| 广东省哲学社会科学“十二五”规划项目 |
| ISBN 978-7-01-019702-9:CNY58.00 |
| 本书内容包括:近代中国守旧思潮述论;清末守旧派的形成与政局;清末守旧派的政治观;清末守旧派的文化观;清末守旧派思想的特征、成因及影响等。 |
| ● |
| 相关链接 |
|
|
|
正题名:清末守旧派研究
索取号:D691/155
 
预约/预借
| 序号 | 登录号 | 条形码 | 馆藏地/架位号 | 状态 | 备注 |
| 1 | 2001029613 | 2001029613 | 辽宁一、悦读混合/辽宁北配(第三批)/辽批31/ [索取号:D691/155] | 在馆 | |
| 2 | 2001029614 | 2001029614 | 辽宁一、悦读混合/辽宁北配(第三批)/辽批31/ [索取号:D691/155] | 在馆 | |
| 3 | 2001029615 | 2001029615 | 辽宁一、悦读混合/辽宁北配(第三批)/辽批31/ [索取号:D691/155] | 在馆 | |
| 4 | 2001029616 | 2001029616 | 辽宁一、悦读混合/辽宁北配(第三批)/辽批31/ [索取号:D691/155] | 在馆 | |
| 5 | 2001029617 | 2001029617 | 辽宁一、悦读混合/辽宁北配(第三批)/辽批31/ [索取号:D691/155] | 在馆 | |
| 6 | 2001029618 | 2001029618 | 辽宁一、悦读混合/辽宁北配(第三批)/辽批31/ [索取号:D691/155] | 在馆 |